Hacia la conservación de las especies amenazadas de Colombia (Registro nro. 15924)
[ vista simple ]
| 000 -CABECERA | |
|---|---|
| Campo de control | 004760000a22001570004500 |
| 090 ## - CLASIFICACIÓN LOCAL | |
| Colección | AS |
| Consecutivo | Seriadas |
| 041 0# - IDIOMA | |
| Código de idioma para texto/pista de sonido o título separado | |
| 100 1# - ASIENTO PRINCIPAL--NOMBRE PERSONAL | |
| Nombre personal | Franco, Ana María |
| 245 10 - MENCION DE TITULO | |
| Título | Hacia la conservación de las especies amenazadas de Colombia |
| 700 1# - ASIENTO SECUNDARIO - NOMBRE PERSONAL | |
| Nombre personal | Alvarez León, Ricardo |
| 700 1# - ASIENTO SECUNDARIO - NOMBRE PERSONAL | |
| Nombre personal | Constantino, Emilio |
| 700 1# - ASIENTO SECUNDARIO - NOMBRE PERSONAL | |
| Nombre personal | Renjifo , Luis Miguel |
| 700 1# - ASIENTO SECUNDARIO - NOMBRE PERSONAL | |
| Nombre personal | Rodríguez, José Vicente |
| 773 1# - Item fuente: | |
| Título | Biosintesis |
| Descripción física | 11 |
| Paginas del Articulo | 1-4 |
| Lugar, editorial y fecha de publicación | 1999 |
| 942 ## - ELEMENTOS ADICIONALES (KOHA) | |
| Tipo de ítem | Artículo |
No hay ítems disponibles.